01578nam a22003857a 4500003000500000005001700005008004100022010000800063011000900071035000900080040000900089090001000098100003400108245017700142260006300319300001000382500001100392502007500403590003700478590004100515590004100556590004100597590004200638650004000680650002600720650003400746700004400780901000700824942000900831949004100840949004600881999001300927952012500940952012701065CHAP20220329132959.0971013s1990 r 00010 d a907 a1879 a1064 cCHAP aTesis00aBalanzar Gazga, Luis M.99615 aEstimación de la sensibilidad y especificidad de la tuberculina P.P.D. elaborada en México en becerros inoculados experimentalmente con un cepa deb: Mycobacteium bovis aChapingo, Méx. :bUACH. Departamento de Zootecnia,c1990 a59 h. a39-142 aTesis (Ing. Agr. Esp. en Zootecnia) -- UACH. Departamento de Zootecnia aALEPHb10c20130110lUCH01h1206 aBATCH-UPDb10c20130110lUCH01h1725 aBATCH-UPDb10c20130410lUCH01h1107 aBATCH-UPDb10c20130914lUCH01h1525 aCONVERSIONb10c20130109lUCH01h130214aGanado vacunoxEnfermedades.94546014aMycobacterium.97992714aPrueba de tuberculina.9925360 aGonzález Vázquez, Primitivo.949495 aBK cFOLL bBCcTESd-10528eTS1h23239i1064si bBCcTESd-69613eTS2fc.2h23240i1064si c907d907 00102local4053708TESISaBCbBCcPA_TESISd2019-12-31fTESISl0p-69613r2019-12-31 00:00:00tc.2w2019-12-31yTESIS 00102local4051708TESISaBCbBCcPA_TESISd2019-12-31fTESISl0oTesisp-10528r2019-12-31 00:00:00w2019-12-31yTESIS